Central Library OPAC University of Rajshahi

Directory of the economic minerals of Pakistan / (Record no. 72363)

MARC details
000 -LEADER
fixed length control field 00605nam a2200205 a 4500
001 - CONTROL NUMBER
control field 72363
003 - CONTROL NUMBER IDENTIFIER
rucl marc code BD-RjUL
005 - DATE AND TIME OF LATEST TRANSACTION
control field 20211209082243.0
008 - FIXED-LENGTH DATA ELEMENTS--GENERAL INFORMATION
fixed length control field 170517s1950 pk a r 000 0 eng d
035 ## - SYSTEM CONTROL NUMBER
System control number (BD-RjUL)72580
040 ## - CATALOGING SOURCE
Original cataloging agency DLC
Transcribing agency CarP
Modifying agency DLC
-- BD-RjUL
Language of cataloging eng
041 ## - LANGUAGE CODE
Language code of text/sound track or separate title eng
082 ## - DEWEY DECIMAL CLASSIFICATION NUMBER
Edition number 23
Classification number 549
Author mark and year HED 1950
100 1# - MAIN ENTRY--PERSONAL NAME
Personal name Heron, A. M.
9 (RLIN) 214011
245 10 - TITLE STATEMENT
Title Directory of the economic minerals of Pakistan /
Statement of responsibility, etc. A. M. Heron
260 ## - PUBLICATION, DISTRIBUTION, ETC. (IMPRINT)
Place of publication, distribution, etc. Karachi :
Name of publisher, distributor, etc. Manager of Publications,
Date of publication, distribution, etc. 1950
300 ## - PHYSICAL DESCRIPTION
Pagination 70 p. :
Illustrations ill. ;
Size 25 cm.
650 #0 - SUBJECT ADDED ENTRY--TOPICAL TERM
Topical term or geographic name as entry element Mines and mineral resources
Geographic subdivision Pakistan.
9 (RLIN) 214012
942 ## - ADDED ENTRY ELEMENTS (KOHA)
Source of classification or shelving scheme Dewey Decimal Classification
Koha item type Books
Holdings
Lost status Source of classification or shelving scheme Damaged status Not for loan Collection code Permanent Location Current Location Shelving location Date acquired Source of acquisition Cost, normal purchase price Total Checkouts Full call number Date last seen Copy number Koha item type
  Dewey Decimal Classification     Non-fiction Central Library, University of Rajshahi Central Library, University of Rajshahi   26/01/1955 C.P.B. Dacca 14.00   549 HED 1950 17/05/2017 C-2 Books
  Dewey Decimal Classification   Not For Loan Non-fiction Central Library, University of Rajshahi Central Library, University of Rajshahi Reading Room 26/01/1955 C.P.B. Dacca 14.00   549 HED 1950 17/05/2017 C-1 Books